000 00317nam a22001217a 4500
008 180427b xxu||||| |||| 00| 0 eng d
041 _aeng
080 _a043.3
100 _a0
101 _aSHKI-BA
245 _aAdvantages of Aspect Oriented Programming Over Object Oriented Programming
_cThaqi, L
942 _2udc
_cBK
999 _c45628
_d45628